000
00341nam a2200133Ia 4500
008
240624s9999 xx 000 0 und d
041
_a
eng
082
_a
658.421 BAT
100
_a
BATTHINI GANAPATHI
245
_a
THEMATIC AND ANALYSIS THE JOURNAL OF ENT
260
_c
2014
_a
Delhi
_b
Bookwell
300
_a
174 : p. : cm. ; 21
365
_c
RS
999
_c
27666
_d
27666